| 000 | 00864 a2200205 4500 | ||
|---|---|---|---|
| 999 |
_c3356 _d3356 |
||
| 020 | _a0821362992 | ||
| 050 | 0 | 0 | _aKZA1555 UPR 2006 |
| 100 | 1 |
_aUprety, Kishor, _d1958- |
|
| 245 | 1 | 4 |
_aThe transit regime for landlocked states : _binternational law and development perspectives / _cKishor Uprety. |
| 264 |
_aWashington _bThe World Bank _c2006 |
||
| 300 | _axviii, 204 p. ; | ||
| 440 | 0 | _aLaw, justice, and development | |
| 500 | _aIncludes Index | ||
| 504 | _aIncludes bibliographical references and index. | ||
| 650 | 0 | _aLandlocked states. | |
| 650 | 0 | _aAccess to the sea (International law) | |
| 650 | 0 | _aTransit by land (International law) | |
| 942 |
_2lcc _cBK _h1555 _iUPR _kKZA |
||